[Event "DEN-ch B7 Gr1 "]
[Site "Koge"]
[Date "2004.04.??"]
[Round "2"]
[White "Sonderby, Anders"]
[Black "Wiecker, Stefan"]
[Result "1-0"]
[WhiteElo "1758"]
[BlackElo "1560"]
[PlyCount "67"]
[EventDate "2004.04.08"]
[EventType "swiss"]
[EventRounds "7"]
[EventCountry "DEN"]
[SourceTitle "EXT 2023"]
[Source "ChessBase"]
[SourceDate "2022.10.05"]
[SourceVersion "1"]
[SourceVersionDate "2022.10.05"]
[SourceQuality "1"]

1. d4 Nf6 2. Nf3 e6 3. c4 b6 4. g3 Bb7 5. Bg2 Be7 6. 0-0 0-0 7. Bg5 Ne4 8. Bxe7 Qxe7 9. Qc2 d5 10. Nc3 Nxc3 11. Qxc3 c6 12. Rfc1 Nd7 13. cxd5 exd5 14. e3 Rac8 15. b4 Rfd8 16. Bf1 Nf6 17. Rab1 Ne4 18. Qe1 f6 19. Bd3 Rc7 20. Rb2 c5 21. bxc5 bxc5 22. dxc5 Nxc5 23. Qa5 Rdc8 24. Bf5 Ne4 25. Rxc7 Rxc7 26. Qxa7 d4 27. Rxb7 Rxb7 28. Be6+ Qxe6 29. Qa8+ Kf7 30. Qxb7+ Kg6 31. Nxd4 Qe5 32. Qb5 Nc5 33. Qb1+ Kf7 34. a4 1-0